00406pab a2200145 454500008004000000100002200040245005800062260000900120300001600129362001100145650003500156650001300191700002200204773003400226180718b2004 xxu||||| |||| 00| 0 eng d aWettering, Dennis aRailway porters of Mumbai: social capital in practice c2004 ap.2243-261. a29 May aRailways - India - Maharashtra aRailways aNooteboom, Gerben aEconomic and Political Weekly